书目信息 |
| 题名: |
三国志
|
|
| 作者: | 刘枫 主编 | |
| 分册: | ||
| 出版信息: | 银川 阳光出版社 2016 |
|
| 页数: | 196页 | |
| 开本: | 23cm | |
| 丛书名: | ||
| 单 册: | ||
| 中图分类: | K236.042 , K23 | |
| 科图分类: | ||
| 主题词: | 三国时代--历史--纪传体 | |
| 电子资源: | ||
| ISBN: | 978-7-5525-2903-6 | |
| 000 | 00716nam0 2200253 450 | |
| 001 | 2328214410 | |
| 005 | 20231110115918.07 | |
| 010 | @a978-7-5525-2903-6@dCNY32.00 | |
| 100 | @a20181129d2016 em y0chiy50 ea | |
| 101 | 0 | @achi |
| 102 | @aCN@b640000 | |
| 105 | @ay z 000yy | |
| 200 | 1 | @a三国志@Asan guo zhi@f刘枫主编 |
| 210 | @a银川@c阳光出版社@d2016 | |
| 215 | @a196页@d23cm | |
| 300 | @a中国古典名著精华 | |
| 330 | @a《三国志》记载了中国三国时代的断代史,本书收录了《三国志》的原文及译文。 | |
| 605 | @a《三国志》@x译文 | |
| 606 | 0 | @a三国时代@x历史@j纪传体 |
| 690 | @aK236.042@v5 | |
| 690 | @aK23@v4 | |
| 701 | 0 | @a刘枫@Aliu feng@4主编 |
| 801 | 0 | @aCN@b安徽时代@c20230923 |
| 905 | @aBZT@dK23@e15 | |
| 三国志/刘枫主编.-银川:阳光出版社,2016 |
| 196页;23cm |
| 中国古典名著精华 |
| ISBN 978-7-5525-2903-6:CNY32.00 |
| 《三国志》记载了中国三国时代的断代史,本书收录了《三国志》的原文及译文。 |
| ● |
| 相关链接 |
|
|
|
正题名:三国志
索取号:K23/15
 
预约/预借
| 序号 | 登录号 | 条形码 | 馆藏地/架位号 | 状态 | 备注 |
| 1 | 2000940661 | 2000940661 | 第四书库/四34架A面2层3列/ [索取号:K23/15] | 在馆 | |
| 2 | 2000940662 | 2000940662 | 第四书库/四34架A面2层3列/ [索取号:K23/15] | 在馆 | |
| 3 | 2000940663 | 2000940663 | 智能微图书馆/四34架A面2层3列/ [索取号:K23/15] |
已借出,限还日期为2026.01.07 借出人:范俊浩 |
|
| 4 | 2000940664 | 2000940664 | 培训中心一楼图书角/四34架A面2层3列/ [索取号:K23/15] | 在馆 | |
| 5 | 2000940665 | 2000940665 | 培训中心一楼图书角/四34架A面2层3列/ [索取号:K23/15] | 在馆 | |
| 6 | 2000940666 | 2000940666 | 培训中心一楼图书角/四34架A面2层3列/ [索取号:K23/15] | 在馆 |